Наводороживание контактно-стыковых сварных соединений из циркониевого сплава Э110 с защитным хромовым покрытием; Перспективы развития фундаментальных наук; Т. 1 : Физика
| Parent link: | Курзина, И. А. (химик ; 1972-). Перспективы развития фундаментальных наук=Prospects of Fundamental Sciences Development: сборник научных трудов XX Международной конференции студентов, аспирантов и молодых ученых, г. Томск, 25-28 апреля 2023 г..— .— Томск: Изд-во ТПУ, 2023 Т. 1 : Физика.— 2023.— С. 150-152 |
|---|---|
| Huvudupphovsman: | |
| Institutionell upphovsman: | |
| Övriga upphovsmän: | , |
| Sammanfattning: | Заглавие с экрана The hydrogenation behavior of Cr-coated resistance upset welds (RUW) of E110 zirconium alloy was investigated at 360, 450 and 900 °C and a hydrogen pressure of 2 bar. The deposition of Cr coating via magnetron sputtering can decrease the hydrogen absorption rate of the RUW. The Cr-coating can limit the formation of radially oriented hydrides and hardening of RUW specimens at 360 and 450 °C. No significant difference in the hydrogen absorption rate was found at 900 °C. The deposition of Cr coating can protect resistance-upset-welded Zr alloys in a hydrogen atmosphere Текстовый файл |
| Språk: | ryska |
| Publicerad: |
2023
|
| Ämnen: | |
| Länkar: | http://earchive.tpu.ru/handle/11683/80796 |
| Materialtyp: | MixedMaterials Elektronisk Bokavsnitt |
| KOHA link: | https://koha.lib.tpu.ru/cgi-bin/koha/opac-detail.pl?biblionumber=672551 |
MARC
| LEADER | 00000naa2a2200000 4500 | ||
|---|---|---|---|
| 001 | 672551 | ||
| 005 | 20241101111532.0 | ||
| 090 | |a 672551 | ||
| 100 | |a 20240517d2023 k||y0rusy50 ca | ||
| 101 | 0 | |a rus | |
| 102 | |a RU | ||
| 135 | |a drcn ---uucaa | ||
| 200 | 1 | |a Наводороживание контактно-стыковых сварных соединений из циркониевого сплава Э110 с защитным хромовым покрытием |f К. С. Гусев, Н. Курдюмов |g науч. рук. Е. Б. Кашкаров ; Инженерная школа ядерных технологий НИ ТПУ |d Hydrogenation behavior of Cr-coated resistance upset welds of E110 zirconium alloy |z eng | |
| 300 | |a Заглавие с экрана | ||
| 320 | |a Библиография: с. 152 | ||
| 330 | |a The hydrogenation behavior of Cr-coated resistance upset welds (RUW) of E110 zirconium alloy was investigated at 360, 450 and 900 °C and a hydrogen pressure of 2 bar. The deposition of Cr coating via magnetron sputtering can decrease the hydrogen absorption rate of the RUW. The Cr-coating can limit the formation of radially oriented hydrides and hardening of RUW specimens at 360 and 450 °C. No significant difference in the hydrogen absorption rate was found at 900 °C. The deposition of Cr coating can protect resistance-upset-welded Zr alloys in a hydrogen atmosphere | ||
| 336 | |a Текстовый файл | ||
| 461 | 1 | |0 636133 |t Перспективы развития фундаментальных наук |l Prospects of Fundamental Sciences Development |o сборник научных трудов XX Международной конференции студентов, аспирантов и молодых ученых, г. Томск, 25-28 апреля 2023 г. |d 2023 |9 636133 |a Курзина, И. А. (химик ; 1972-) |c Томск |n Изд-во ТПУ | |
| 463 | 1 | |0 669915 |t Т. 1 : Физика |v С. 150-152 |d 2023 |9 669915 |p 1 файл (75,9 MB, 442 с.) |u conference_tpu-2023-C21_V1.pdf |l Volume 1. Physics | |
| 610 | 1 | |a труды учёных ТПУ | |
| 610 | 1 | |a электронный ресурс | |
| 610 | 1 | |a циркониевые сплавы | |
| 610 | 1 | |a тепловыделяющие элементы | |
| 610 | 1 | |a низкое сечение | |
| 610 | 1 | |a тепловые нейтроны | |
| 610 | 1 | |a хром | |
| 610 | 1 | |a Cr2O3 | |
| 610 | 1 | |a гидрирование | |
| 610 | 1 | |a травление | |
| 700 | 1 | |a Гусев |b К. С. |c физик |c техник Томского политехнического университета |f 2001- |g Кирилл Сергеевич |9 23018 | |
| 701 | 1 | |a Курдюмов |b Н. |c физик |c инженер Томского политехнического университета |f 1997- |g Никита |9 21858 | |
| 702 | 1 | |a Кашкаров |b Е. Б. |c физик |c доцент, научный сотрудник Томского политехнического университета, кандидат физико-математических наук |f 1991- |g Егор Борисович |4 727 | |
| 712 | 0 | 2 | |a Национальный исследовательский Томский политехнический университет |b Инженерная школа ядерных технологий |b Отделение экспериментальной физики |9 28346 |
| 801 | 0 | |a RU |b 63413507 |c 20240517 |g RCR | |
| 856 | 4 | |z http://earchive.tpu.ru/handle/11683/80796 |u http://earchive.tpu.ru/handle/11683/80796 | |
| 942 | |c CF | ||